000 00571nam a2200193Ia 4500
003 OSt
005 20240615121720.0
008 210210b1960 xxu||||| |||| 00| 0 eng d
040 _cAL
041 _akan
082 _a859/2179
100 _aSITARAMA SHASTRI
_9158427
_dಸೀತಾರಾಮ ಶಾಸ್ತ್ರಿ
245 _aBairamkhan:
_bಬೈರಾಂಖಾನ್
260 _aBengaluru
_bSharada Prakatanalalya
_c1960
690 _aKannada Fiction
_9158428
700 _aVIRAKESARI
_9158429
_d ವೀರಕೇಸರಿ
906 _a022891
942 _2ddc
_cBK
999 _c147590
_d147590